000 01054nam a2200289 a 4500
001 000022380
005 20200930011714.0
008 101006s2002 cu 001 0bspa d
020 _a9590603106
040 _aDO-SdBNP
_bspa
_cBNPHU
082 _a980.033092
_bG182v
100 1 _aGálvez Rodríguez, William,
_d1933-
_920690
245 1 0 _aViajes y aventuras del jóven Ernesto :
_bruta del guerrillero /
_cWilliam Gálvez Rodríguez : prólogo José A. Tabares del Real.
250 _a2ª ed.
260 _aLa Habana :
_bCiencias Sociales,
_c2002.
300 _axii, 442 p. ;
_c21 cm.
490 0 _aPolítica
504 _aIncluye bibliografía y notas al pie de páginas.
504 _aBibliografía: p. 441-442.
600 1 4 _aGUEVARA DE LA SERNA, ERNESTO,
_d1928-1967
_946153
650 4 _aGuerrillas
_zAmérica Latina
_946154
651 4 _aAmérica Latina
_xDescripciones Y Viajes
_946155
700 1 _aTabares del Real, José A.,
_epról.
_917905
830 1 _aPolítica
_92269
910 _aValidado. Control de calidad EMS.
049 _aBNPD
999 _c21878
_d21878